| 000 | 00500nam a2200169Ia 4500 | ||
|---|---|---|---|
| 003 | GCL | ||
| 008 | 140319s9999 xx 000 0 ara d | ||
| 040 |
_aGCL / _cGCL |
||
| 082 | 0 | 4 |
_aق _b069.0962 _bع ك |
| 100 | 1 | _aعبدالسلام عبدالسلام | |
| 245 | 1 | 0 |
_aكلية الاداب : دليل متحف الاثار / _cعبدالسلام عبدالسلام |
| 300 | _a371 ص | ||
| 490 | _a | ||
| 650 | 0 | 4 | _aالجامعات والكليات |
| 650 | 0 | 4 | _aالمتاحف |
| 942 |
_2ddc _cBK |
||
| 999 |
_c45212 _d45212 |
||